Animated TV Show by Secondary Character Quiz Stats

Quiz Updated Jul 1, 2016

Also try: Cartoon Schools
Challenge
Share
Tweet
Score 0/20 Timer 04:00
2 Plays Today
No. Show % Correct
Scooby-Doo and Scrappy-Doo
95.2%
South Park
93.3%
Popeye the Sailor
92.8%
Family Guy
90.8%
SpongeBob SquarePants
86.5%
The Simpsons
81.7%
The Jetsons
81.3%
Futurama
77.6%
The Pink Panther Show
69.2%
Pokémon
64.4%
No. Show % Correct
The Powerpuff Girls
59.3%
Teenage Mutant Ninja Turtles
56.3%
The Rocky and Bullwinkle Show
55.8%
Daria
49.6%
Garfield and Friends
45.2%
Avatar: The Last Airbender
42.9%
Dennis the Menace
38.1%
Josie and the Pussycats
28.2%
Gravity Falls
26.5%
Speed Racer
25.6%

You're not logged in!

Compare scores with friends on all Sporcle quizzes.
Join for Free
OR
Log In

You Might Also Like...

Show Comments

Extras

Top Quizzes Today


Score Distribution

Your Account Isn't Verified!

In order to create a playlist on Sporcle, you need to verify the email address you used during registration. Go to your Sporcle Settings to finish the process.

Report this User

Report this user for behavior that violates our Community Guidelines.

Details: